Normal view
MARC view
Entry Geographic Name
001 - CONTROL NUMBER
- control field: 16848
003 - CONTROL NUMBER IDENTIFIER
- control field: OSt
005 - DATE AND TIME OF LATEST TRANSACTION
- control field: 20231114121109.0
008 - FIXED-LENGTH DATA ELEMENTS
- fixed length control field: 231114|| aca||aabn | a|a d
040 ## - CATALOGING SOURCE
- Original cataloging agency: OSt
- Transcribing agency: OSt
151 ## - HEADING--GEOGRAPHIC NAME
- Geographic name: Research Methodology in the Medical and Biological Sciences
670 ## - SOURCE DATA FOUND
- Source citation: Work cat.: (OSt)8240: Peter Laake 16847, Research Methodology in the Medical and Biological Sciences., 2007
